[Event "CAN-op"]
[Site "Edmonton CAN"]
[Date "2005.07.10"]
[Round "2.53"]
[White "Lyall, David"]
[Black "Gorelik, Lev"]
[Result "0-1"]
[WhiteElo "1477"]
[BlackElo "2147"]
[PlyCount "62"]
[GameId "2160767910901421"]
[EventDate "2005.07.09"]
[EventType "swiss"]
[EventRounds "10"]
[EventCountry "CAN"]

1. c4 Nf6 2. Nc3 c5 3. Nf3 Nc6 4. e3 e5 5. d3 g6 6. Be2 Bg7 7. Nd5 Nxd5 8. cxd5 Ne7 9. Qb3 d6 10. O-O O-O 11. e4 Qc7 12. Bd2 b5 13. Rfc1 Bd7 14. a3 a6 15. Qa2 a5 16. b3 Qb7 17. Qb2 b4 18. a4 Nxd5 19. Qb1 Nf4 20. Bf1 Rae8 21. g3 Nh3+ 22. Bxh3 Bxh3 23. Ng5 Bg4 24. f3 Bc8 25. Ra2 h6 26. Nxf7 Qxf7 27. f4 exf4 28. Bxf4 Bd4+ 29. Kg2 g5 30. Rf1 Qe6 31. Qc2 Qh3+ 0-1

[Event "CAN-op"]
[Site "Edmonton CAN"]
[Date "2005.07.10"]
[Round "2.55"]
[White "Hughey, Micah"]
[Black "Johnson, Dean"]
[Result "1-0"]
[WhiteElo "2027"]
[BlackElo "1588"]
[PlyCount "65"]
[GameId "2160767910901422"]
[EventDate "2005.07.09"]
[EventType "swiss"]
[EventRounds "10"]
[EventCountry "CAN"]

1. e4 e6 2. c4 d5 3. exd5 exd5 4. cxd5 Nf6 5. Bb5+ Bd7 6. Qb3 Qe7+ 7. Ne2 Qb4 8. Bc4 b5 9. Qxb4 Bxb4 10. Bb3 O-O 11. O-O Re8 12. Nbc3 a6 13. d4 Bf5 14. Bf4 Bd6 15. Rfe1 Nbd7 16. Bxd6 cxd6 17. Ng3 Bd3 18. f3 Rxe1+ 19. Rxe1 Re8 20. Nce4 Kf8 21. Kf2 Nb6 22. Nxf6 Rxe1 23. Nxh7+ Kg8 24. Nf6+ gxf6 25. Kxe1 Kg7 26. Nh5+ Kh6 27. Nxf6 Kg6 28. Ne4 Nc4 29. Bxc4 Bxc4 30. b3 Bxd5 31. Kf2 f5 32. Nxd6 Kg5 33. h4+ 1-0

[Event "CAN-op"]
[Site "Edmonton CAN"]
[Date "2005.07.10"]
[Round "2.56"]
[White "Laboucane, Randy"]
[Black "Yuan, Michael"]
[Result "0-1"]
[WhiteElo "1626"]
[BlackElo "2119"]
[PlyCount "110"]
[GameId "2160767910901423"]
[EventDate "2005.07.09"]
[EventType "swiss"]
[EventRounds "10"]
[EventCountry "CAN"]

1. d4 Nf6 2. c4 e6 3. Nf3 Bb4+ 4. Nc3 b6 5. Bg5 Bb7 6. e3 c5 7. Be2 cxd4 8. Qxd4 Be7 9. h3 Nc6 10. Qd1 d6 11. O-O O-O 12. Nb5 Ne4 13. Bf4 e5 14. Bh2 a6 15. Na3 f5 16. Qd5+ Kh8 17. Rad1 Qc7 18. Qd3 Rad8 19. Qb1 Qc8 20. Nc2 Qe6 21. Nd2 Ng5 22. Ne1 Qg6 23. Kh1 Qh6 24. Ndf3 Ne4 25. Nd2 Nd4 26. Bf3 Nxd2 27. Rxd2 Nxf3 28. Nxf3 Bxf3 29. gxf3 Qxh3 30. Qd1 Rf6 31. Rg1 Rh6 32. Rg2 Rf8 33. f4 e4 34. Qg1 Rff6 35. Rg3 Qh5 36. Rg5 Qf7 37. b3 Rxh2+ 38. Kxh2 Rh6+ 39. Kg2 Bxg5 40. fxg5 Rg6 41. Kf1 Qe7 42. Qh2 Kg8 43. Rd5 Qxg5 44. Qh3 Rf6 45. b4 h5 46. Qg3 Qxg3 47. fxg3 Kf7 48. a4 Ke6 49. Rd2 Rf7 50. Ra2 Rc7 51. Rc2 Ke5 52. Kf2 d5 53. c5 bxc5 54. bxc5 d4 55. c6 d3 0-1

[Event "CAN-op"]
[Site "Edmonton CAN"]
[Date "2005.07.10"]
[Round "2.57"]
[White "Tang, Edward"]
[Black "Robertson, Trevor"]
[Result "1-0"]
[WhiteElo "2022"]
[BlackElo "1597"]
[PlyCount "60"]
[GameId "2160767910901424"]
[EventDate "2005.07.09"]
[EventType "swiss"]
[EventRounds "10"]
[EventCountry "CAN"]

1. e4 e6 2. d4 d5 3. Nc3 Bb4 4. e5 c5 5. Bd2 Nc6 6. Nb5 Bxd2+ 7. Qxd2 cxd4 8. f4 Nge7 9. Nf3 O-O 10. O-O-O a6 11. Nbxd4 b5 12. Bd3 Nxd4 13. Nxd4 Qb6 14. h4 Bd7 15. h5 b4 16. Kb1 a5 17. Nf3 Nc6 18. Bxh7+ Kxh7 19. Ng5+ Kg8 20. Qd3 Rfc8 21. Qh7+ Kf8 22. Qh8+ Ke7 23. Qxg7 Rf8 24. Qf6+ Ke8 25. h6 Qd8 26. Qg7 Ne7 27. h7 Nf5 28. Qxf8+ Kxf8 29. h8=Q+ Ke7 30. Qf6+ Ke8 1-0

[Event "CAN-op"]
[Site "Edmonton CAN"]
[Date "2005.07.10"]
[Round "2.58"]
[White "Brown, Grant"]
[Black "White, Chris"]
[Result "1-0"]
[WhiteElo "1980"]
[BlackElo "1597"]
[PlyCount "31"]
[GameId "2160767910901425"]
[EventDate "2005.07.09"]
[EventType "swiss"]
[EventRounds "10"]
[EventCountry "CAN"]

1. e4 e6 2. d3 d5 3. Nd2 c5 4. Ngf3 Nc6 5. g3 Qc7 6. Qe2 Bd6 7. exd5 Nd4 8. Nxd4 cxd4 9. dxe6 Bxe6 10. Bh3 O-O-O 11. Bxe6+ fxe6 12. Qxe6+ Kb8 13. O-O Nf6 14. Nc4 Rhe8 15. Qh3 Re2 16. Nxd6 1-0

[Event "CAN-op"]
[Site "Edmonton CAN"]
[Date "2005.07.10"]
[Round "2.60"]
[White "Harrop, Breagan"]
[Black "Hyseni, Astrit"]
[Result "0-1"]
[WhiteElo "1568"]
[BlackElo "1805"]
[PlyCount "102"]
[GameId "2160767910901426"]
[EventDate "2005.07.09"]
[EventType "swiss"]
[EventRounds "10"]
[EventCountry "CAN"]

1. Nf3 d6 2. c4 e5 3. d3 f5 4. g3 Nf6 5. Bg2 h6 6. h3 Nc6 7. a3 Be6 8. b4 a6 9. Nc3 Na7 10. Bb2 Be7 11. Nh4 Rb8 12. Ng6 Rg8 13. Nxe7 Kxe7 14. e3 b5 15. Nd5+ Kf7 16. Nxf6 Qxf6 17. Qc2 Rgc8 18. c5 d5 19. O-O Nc6 20. Rfe1 Qg6 21. Kh2 e4 22. d4 Ne7 23. a4 Bd7 24. axb5 Bxb5 25. f3 Nc6 26. Ba3 Bd3 27. Qb2 a5 28. Qb3 Bc4 29. Qc2 axb4 30. Bb2 b3 31. Qf2 Nb4 32. Red1 Nd3 33. Rxd3 exd3 34. e4 fxe4 35. fxe4+ Qf6 36. Qe3 Kg8 37. Rf1 Qe6 38. Rf2 dxe4 39. Bxe4 Re8 40. Rf4 c6 41. d5 cxd5 42. Qd4 Rb7 43. Rg4 Ree7 44. Bf3 Qe3 45. Bxd5+ Bxd5 46. Qxd5+ Kh8 47. Bxg7+ Rxg7 48. Qd8+ Kh7 49. Qd5 Rbf7 50. Rf4 Qxg3+ 51. Kh1 Qg1# 0-1

[Event "CAN-op"]
[Site "Edmonton CAN"]
[Date "2005.07.10"]
[Round "2.61"]
[White "Breel, Kevin"]
[Black "Asquith, Tom"]
[Result "1/2-1/2"]
[WhiteElo "1544"]
[BlackElo "1789"]
[PlyCount "84"]
[GameId "2160767910901427"]
[EventDate "2005.07.09"]
[EventType "swiss"]
[EventRounds "10"]
[EventCountry "CAN"]

1. d4 e6 2. c4 Nf6 3. Nc3 Bb4 4. Nf3 b6 5. Bg5 h6 6. Bh4 Bb7 7. e3 d5 8. Bd3 Nbd7 9. O-O O-O 10. Ne5 Be7 11. cxd5 exd5 12. Bb5 Nxe5 13. dxe5 Nd7 14. Bxe7 Qxe7 15. Nxd5 Bxd5 16. Qxd5 Nxe5 17. Bc6 Rad8 18. Qb5 Rd6 19. Be4 Rfd8 20. a4 c5 21. a5 Qh4 22. f3 Qf6 23. axb6 axb6 24. h3 Rd2 25. Kh1 Qg5 26. f4 Qh4 27. Qxb6 Nd3 28. Bxd3 R8xd3 29. Ra8+ Kh7 30. Qxc5 Qg3 31. Qf5+ Qg6 32. Qxg6+ Kxg6 33. Ra3 Rxa3 34. bxa3 Ra2 35. g4 Rxa3 36. Rf3 Ra2 37. Kg1 h5 38. Rf2 Ra3 39. Re2 hxg4 40. hxg4 Kf6 41. Kf2 g5 42. Kf3 gxf4 1/2-1/2

[Event "CAN-op"]
[Site "Edmonton CAN"]
[Date "2005.07.10"]
[Round "2.62"]
[White "Lawson, Jonathan"]
[Black "Raymer, Elliot"]
[Result "1-0"]
[WhiteElo "1782"]
[BlackElo "1574"]
[PlyCount "105"]
[GameId "2160767910901428"]
[EventDate "2005.07.09"]
[EventType "swiss"]
[EventRounds "10"]
[EventCountry "CAN"]

1. e4 e5 2. Nf3 Nc6 3. Bc4 Nf6 4. d3 Bc5 5. O-O d6 6. Nbd2 Na5 7. c3 Nxc4 8. Nxc4 Bg4 9. Be3 Bb6 10. Re1 O-O 11. h3 Bh5 12. Bxb6 axb6 13. Ne3 Bg6 14. Nh4 Nh5 15. Nef5 Nf4 16. Re3 Bxf5 17. Nxf5 g6 18. Rg3 Kh8 19. Ne3 f5 20. Nd5 Nxd5 21. exd5 f4 22. Rf3 Qd7 23. Qd2 Ra5 24. c4 Rfa8 25. b3 Qf5 26. g4 Qf6 27. d4 g5 28. dxe5 dxe5 29. a4 e4 30. Rc3 Re8 31. Re1 Qh6 32. Kh2 Qd6 33. Qd4+ Qe5 34. Rxe4 Qxd4 35. Rxd4 Re2 36. Kg2 Ra8 37. d6 Rc8 38. dxc7 Rxc7 39. Rd6 Rc6 40. Rd7 Rce6 41. Rxb7 Rb2 42. Rd3 Rg6 43. Rd8+ Rg8 44. Rxg8+ Kxg8 45. Rxb6 Kf7 46. a5 Ra2 47. b4 Rc2 48. a6 Ra2 49. b5 Ra3 50. Rb7+ Kg6 51. a7 h5 52. Rb6+ Kf7 53. Ra6 1-0

[Event "CAN-op"]
[Site "Edmonton CAN"]
[Date "2005.07.10"]
[Round "2.63"]
[White "Keep, Richard"]
[Black "Meller, Marvin"]
[Result "1-0"]
[WhiteElo "1777"]
[BlackElo "1561"]
[PlyCount "119"]
[GameId "2160767910901429"]
[EventDate "2005.07.09"]
[EventType "swiss"]
[EventRounds "10"]
[EventCountry "CAN"]

1. e4 e5 2. Bc4 Nf6 3. Nf3 d6 4. Ng5 Be6 5. Nxe6 fxe6 6. Bxe6 Nxe4 7. Bd5 Nxf2 8. Qf3 Qf6 9. Qxf2 Qxf2+ 10. Kxf2 Nd7 11. Rf1 c6 12. Bb3 d5 13. d3 O-O-O 14. Be3 Kb8 15. Nd2 Be7 16. Ke2 h6 17. Rf7 Bf6 18. Rf1 Rhe8 19. c4 d4 20. Bf2 Nc5 21. Bc2 Ne6 22. Ne4 b6 23. Bg3 Ng5 24. Nxf6 gxf6 25. R7xf6 Kb7 26. Bh4 Rg8 27. Rxh6 Rde8 28. Bxg5 Rxg5 29. Rf7+ Ka6 30. Rhh7 Ra8 31. Kf3 Rgg8 32. g3 Rgb8 33. b4 Rf8 34. h4 Rxf7+ 35. Rxf7 c5 36. b5+ Ka5 37. a3 a6 38. h5 axb5 39. Ke4 bxc4 40. dxc4 b5 41. h6 bxc4 42. h7 d3 43. Bxd3 cxd3 44. Kxd3 Kb6 45. Ke4 c4 46. Kxe5 Rc8 47. Rf2 Kb5 48. Kd4 c3 49. Rc2 Rh8 50. Rxc3 Rxh7 51. Ke5 Rf7 52. g4 Re7+ 53. Kf6 Re4 54. g5 Rf4+ 55. Kg7 Rg4 56. g6 Rg1 57. Rf3 Kc6 58. Kf7 Kd5 59. g7 Ke4 60. Rf2 1-0

[Event "CAN-op"]
[Site "Edmonton CAN"]
[Date "2005.07.10"]
[Round "2.64"]
[White "Fokkema, Jerred"]
[Black "Roberts, Richard"]
[Result "1-0"]
[WhiteElo "1773"]
[BlackElo "1533"]
[PlyCount "87"]
[GameId "2160767910901430"]
[EventDate "2005.07.09"]
[EventType "swiss"]
[EventRounds "10"]
[EventCountry "CAN"]

1. e4 c5 2. Nf3 Nc6 3. d4 cxd4 4. Nxd4 Nf6 5. Nc3 e5 6. Ndb5 d6 7. Bg5 h6 8. Bxf6 gxf6 9. Nd5 Be6 10. Nbc7+ Kd7 11. Nxa8 Qxa8 12. Nxf6+ Ke7 13. Nd5+ Bxd5 14. Qxd5 Nb4 15. Qd2 Nc6 16. O-O-O Qb8 17. Bc4 Bg7 18. Qd5 Rf8 19. c3 Nd8 20. Rd3 Ne6 21. Rhd1 Rd8 22. Rf3 Bf6 23. Kb1 a6 24. Qd2 Bg5 25. Qd5 Bf6 26. Rf5 b5 27. Bb3 a5 28. Rd3 a4 29. Rdf3 axb3 30. Rxf6 bxa2+ 31. Qxa2 Rf8 32. Qxe6+ fxe6 33. Rxf8 Qxf8 34. Rxf8 Kxf8 35. Kc2 d5 36. exd5 exd5 37. f3 h5 38. g3 Ke7 39. Kd3 Ke6 40. b3 Kf5 41. Ke3 Ke6 42. f4 Kf5 43. fxe5 Kxe5 44. h3 1-0

[Event "CAN-op"]
[Site "Edmonton CAN"]
[Date "2005.07.10"]
[Round "2.65"]
[White "Hagan, Jeff"]
[Black "Panteluk, Steven"]
[Result "1-0"]
[WhiteElo "1538"]
[BlackElo "1773"]
[PlyCount "73"]
[GameId "2160767910901431"]
[EventDate "2005.07.09"]
[EventType "swiss"]
[EventRounds "10"]
[EventCountry "CAN"]

1. d4 d5 2. c4 e6 3. cxd5 exd5 4. Nf3 Nf6 5. Bg5 Be7 6. Bxf6 Bxf6 7. e3 Nc6 8. a3 O-O 9. Bd3 Ne7 10. Nc3 c6 11. Rc1 Bf5 12. Be2 Ng6 13. Bd3 Qd7 14. h4 Bxd3 15. Qxd3 Qg4 16. Kf1 Nxh4 17. Nxh4 Bxh4 18. g3 Qf3 19. Rxh4 f5 20. Qe2 Qxe2+ 21. Nxe2 g5 22. Rh5 g4 23. Nf4 Rf6 24. Ke2 Re8 25. Rch1 Re7 26. Rg5+ Kf8 27. Rgh5 Kg8 28. Nd3 b6 29. b4 Kh8 30. Ne5 c5 31. bxc5 bxc5 32. dxc5 Rxe5 33. Rxh7+ Kg8 34. Rh8+ Kf7 35. R8h7+ Ke8 36. Rxa7 Kd8 37. Rh8+ 1-0

[Event "CAN-op"]
[Site "Edmonton CAN"]
[Date "2005.07.10"]
[Round "2.67"]
[White "Steer, David"]
[Black "Gillanders, Robert"]
[Result "1/2-1/2"]
[WhiteElo "1532"]
[BlackElo "1765"]
[PlyCount "147"]
[GameId "2160767910901432"]
[EventDate "2005.07.09"]
[EventType "swiss"]
[EventRounds "10"]
[EventCountry "CAN"]

1. e4 e6 2. d4 d5 3. e5 c5 4. c3 Nc6 5. Nf3 Qb6 6. a3 Bd7 7. b4 cxd4 8. cxd4 Rc8 9. b5 Na5 10. a4 Nc4 11. Bxc4 Rxc4 12. Ba3 Qa5+ 13. Qd2 Qxd2+ 14. Kxd2 Ne7 15. Bc5 b6 16. Bd6 Nf5 17. Bxf8 Rxf8 18. Kd3 Ke7 19. Nbd2 Rc7 20. Rhc1 Rfc8 21. Nb3 h5 22. Nfd2 f6 23. f4 fxe5 24. fxe5 Be8 25. Nf3 Bg6 26. Rxc7+ Rxc7 27. Ke2 Rc2+ 28. Nfd2 Be8 29. Kd3 Rc7 30. Nf3 Bg6 31. Kd2 Nh6 32. a5 Ng4 33. axb6 axb6 34. Ra2 Nf2 35. Nc5 Ne4+ 36. Nxe4 Bxe4 37. Ne1 g5 38. Ra4 Kf7 39. g3 g4 40. Nd3 Bxd3 41. Kxd3 Rc1 42. Ra6 Rh1 43. Rxb6 Rxh2 44. Ke3 Rb2 45. Kf4 Rb4 46. Kg5 Rxd4 47. Rb7+ Ke8 48. Kf6 Rd3 49. Kxe6 Kd8 50. Rd7+ Kc8 51. Kd6 Rxg3 52. e6 d4 53. e7 Re3 54. Rd8+ Kb7 55. e8=Q Rxe8 56. Rxe8 h4 57. Re4 h3 58. Rxg4 d3 59. Rg3 h2 60. Rxd3 h1=Q 61. Kc5 Qc1+ 62. Kb4 Qb1+ 63. Rb3 Qe4+ 64. Kc5 Qe5+ 65. Kc4 Kb6 66. Kd3 Qd5+ 67. Kc3 Kc5 68. b6 Qd4+ 69. Kc2 Kc4 70. b7 Qf2+ 71. Kb1 Qe1+ 72. Ka2 Qd2+ 73. Rb2 Qa5+ 74. Kb1 1/2-1/2

[Event "CAN-op"]
[Site "Edmonton CAN"]
[Date "2005.07.10"]
[Round "2.69"]
[White "Chi, Megan"]
[Black "Laming, Ryan"]
[Result "1-0"]
[WhiteElo "1502"]
[BlackElo "1756"]
[PlyCount "58"]
[GameId "2160767910901434"]
[EventDate "2005.07.09"]
[EventType "swiss"]
[EventRounds "10"]
[EventCountry "CAN"]

1. d4 Nf6 2. c4 g6 3. Nc3 Bg7 4. e4 d6 5. Nf3 O-O 6. Be2 Nc6 7. O-O e5 8. d5 Ne7 9. Ne1 Nd7 10. f3 f5 11. Be3 f4 12. Bf2 g5 13. Nd3 Ng6 14. Rc1 Nf6 15. b4 h5 16. a3 g4 17. Qe1 Nh7 18. Qd1 Qg5 19. Qd2 Nh4 20. Be1 Nxg2 21. fxg4 Nxe1 22. Rcxe1 hxg4 23. Bd1 Nf6 24. Rf2 Bh6 25. Kh1 Rf7 26. Rg1 Rg7 27. Rff1 Qg6 28. Qe1 Kf7 29. Rf2 Bd7 1-0

[Event "CAN-op"]
[Site "Edmonton CAN"]
[Date "2005.07.10"]
[Round "2.74"]
[White "Day, Jonathan"]
[Black "Blackwell, Ross"]
[Result "0-1"]
[WhiteElo "1741"]
[BlackElo "1476"]
[PlyCount "142"]
[GameId "2160767910901436"]
[EventDate "2005.07.09"]
[EventType "swiss"]
[EventRounds "10"]
[EventCountry "CAN"]

1. e4 c5 2. Nc3 Nc6 3. Bc4 Ne5 4. Be2 g6 5. f4 Nc6 6. Bc4 Na5 7. Be2 Qc7 8. d3 e6 9. Be3 a6 10. a4 Bh6 11. Qd2 Ne7 12. Bf3 d6 13. Nge2 Nac6 14. Nd1 O-O 15. h4 d5 16. f5 Bxe3 17. Qxe3 exf5 18. h5 f4 19. Nxf4 d4 20. Qd2 g5 21. Ne2 h6 22. Nf2 Kg7 23. O-O-O b5 24. e5 Qxe5 25. Rde1 Qc7 26. Ne4 f6 27. g4 Ne5 28. Nxg5 Nxf3 29. Nxf3 Bxg4 30. Nf4 Kh7 31. Ne6 Bxe6 32. Rxe6 Nd5 33. Ne5 Qg7 34. Ng6 Rfe8 35. Ree1 Re3 36. Qg2 Rd8 37. a5 Qf7 38. Qf2 Rde8 39. Kd2 Qe6 40. Kd1 Qg4+ 41. Kd2 Rf3 42. Qg1 Rg3 43. Qf1 Qg5+ 44. Nf4 Rxe1 45. Kxe1 Qxf4 46. Qxf4 Nxf4 47. Kf2 Rg5 48. Re1 Re5 49. Rxe5 fxe5 50. Kf3 Nxh5 51. Ke4 c4 52. Kxe5 cxd3 53. cxd3 Ng3 54. Kxd4 Kg6 55. Kc5 h5 56. Kb6 h4 57. Kxa6 h3 58. Kxb5 h2 59. b4 h1=Q 60. Kb6 Qg1+ 61. Kb7 Qg2+ 62. Kb6 Qf2+ 63. Kb7 Qf3+ 64. Ka7 Qe3+ 65. Kb7 Qe7+ 66. Ka8 Qxb4 67. a6 Nf5 68. d4 Kf6 69. d5 Nd6 70. Ka7 Ke7 71. Ka8 Qb6 0-1

[Event "CAN-op"]
[Site "Edmonton CAN"]
[Date "2005.07.10"]
[Round "2.76"]
[White "Me, Kevin"]
[Black "Palcic, Branko"]
[Result "1-0"]
[WhiteElo "1737"]
[BlackElo "1433"]
[PlyCount "57"]
[GameId "2160767910901437"]
[EventDate "2005.07.09"]
[EventType "swiss"]
[EventRounds "10"]
[EventCountry "CAN"]

1. e4 e6 2. d4 d5 3. Nc3 Bb4 4. e5 c5 5. Bd2 cxd4 6. Nb5 Bc5 7. Qg4 Ne7 8. b4 Bb6 9. Qxg7 Ng6 10. Nd6+ Kd7 11. Qxf7+ Qe7 12. Qxe7+ Nxe7 13. f4 Bc7 14. Nxc8 Kxc8 15. Bd3 Nd7 16. Nf3 Bb6 17. Ng5 Nf8 18. g3 Kd7 19. a4 a6 20. Ke2 h6 21. Nf7 Rg8 22. Nxh6 Rg7 23. Kf3 Nfg6 24. Ng4 Ng8 25. h4 Rf8 26. h5 N6e7 27. h6 Nxh6 28. Rxh6 Rfg8 29. Nf6+ 1-0

[Event "CAN-op"]
[Site "Edmonton CAN"]
[Date "2005.07.10"]
[Round "2.78"]
[White "Marshall, Jim"]
[Black "Dewindt, Cor"]
[Result "1-0"]
[WhiteElo "1726"]
[BlackElo "1414"]
[PlyCount "67"]
[GameId "2160767910901439"]
[EventDate "2005.07.09"]
[EventType "swiss"]
[EventRounds "10"]
[EventCountry "CAN"]

1. e4 c6 2. d4 d5 3. Nc3 dxe4 4. Nxe4 Bf5 5. Ng3 Bg6 6. Nf3 e6 7. Bd3 Bxd3 8. Qxd3 Nd7 9. O-O Ngf6 10. c4 c5 11. d5 Bd6 12. dxe6 fxe6 13. Qxd6 Qe7 14. Qxe7+ Kxe7 15. Bg5 h6 16. Bxf6+ gxf6 17. Rfe1 Kf7 18. Rad1 Rad8 19. b3 a6 20. Rd6 e5 21. Nf5 b5 22. Red1 Ke8 23. Rxa6 bxc4 24. Nd6+ Ke7 25. Nxc4 Nb6 26. Ra7+ Ke6 27. Rxd8 Rxd8 28. Ne3 e4 29. Nh4 Nd5 30. Nxd5 Rxd5 31. Kf1 Rh5 32. g3 f5 33. Ng6 Rxh2 34. Nf4+ 1-0

[Event "CAN-op"]
[Site "Edmonton CAN"]
[Date "2005.07.10"]
[Round "2.81"]
[White "O'Brien, Sandy"]
[Black "MacKey, John"]
[Result "0-1"]
[WhiteElo "1392"]
[BlackElo "1720"]
[PlyCount "86"]
[GameId "2160767910901441"]
[EventDate "2005.07.09"]
[EventType "swiss"]
[EventRounds "10"]
[EventCountry "CAN"]

1. e4 c6 2. d4 d5 3. e5 c5 4. c3 cxd4 5. cxd4 Nc6 6. Bb5 Qa5+ 7. Nc3 a6 8. Bxc6+ bxc6 9. Nf3 Bg4 10. O-O e6 11. Qd3 Ne7 12. h3 Bxf3 13. Qxf3 Qb6 14. Rd1 Ng6 15. Na4 Qb5 16. Nc3 Qb7 17. b3 c5 18. Be3 cxd4 19. Bxd4 Be7 20. Rac1 O-O 21. Ne2 Rfc8 22. Qe3 Ba3 23. Rc3 Bb4 24. Rcc1 Ba3 25. Rc3 Rc6 26. f4 Ne7 27. Bc5 Nf5 28. Qf2 Bxc5 29. Rxc5 Rxc5 30. Qxc5 Rc8 31. Qa3 Rc2 32. Nd4 Nxd4 33. Rxd4 Qb6 34. Qb4 Qa7 35. Qa4 h6 36. Kh2 Rxa2 37. Qxa2 Qxd4 38. Qxa6 Qxf4+ 39. Kg1 Qe3+ 40. Kh2 Qxb3 41. Qc8+ Kh7 42. Qe8 Kg6 43. Qe7 Qe3 0-1

[Event "CAN-op"]
[Site "Edmonton CAN"]
[Date "2005.07.10"]
[Round "2.82"]
[White "Masson, Richard"]
[Black "Mrugala, Jonathan"]
[Result "1-0"]
[WhiteElo "1712"]
[BlackElo "1367"]
[PlyCount "79"]
[GameId "2160767910901442"]
[EventDate "2005.07.09"]
[EventType "swiss"]
[EventRounds "10"]
[EventCountry "CAN"]

1. e4 c6 2. Nf3 d5 3. exd5 cxd5 4. d4 Nc6 5. Bb5 Qa5+ 6. Nc3 Bd7 7. O-O a6 8. Ba4 Nf6 9. Re1 e6 10. Bb3 Bd6 11. Bg5 Be7 12. Bxf6 Bxf6 13. Nxd5 Bd8 14. Ne5 Nxe5 15. Rxe5 b5 16. c4 O-O 17. Nc3 Bf6 18. Re3 Bg5 19. Re4 bxc4 20. Bxc4 Qc7 21. Bd3 f5 22. Re2 Rad8 23. d5 e5 24. Bxa6 Qb6 25. Bc4 Bf6 26. d6+ Kh8 27. a4 Be8 28. Rd2 Bg5 29. Rd5 f4 30. Nb5 Bh4 31. Qd2 Rf6 32. Rxe5 Bxb5 33. Bxb5 Rfxd6 34. Rae1 h6 35. Qxf4 Bg5 36. Re8+ Rxe8 37. Rxe8+ Kh7 38. Qf5+ Rg6 39. Bd3 Bf6 40. Qxg6# 1-0

[Event "CAN-op"]
[Site "Edmonton CAN"]
[Date "2005.07.10"]
[Round "2.83"]
[White "Meller, Kenneth"]
[Black "Lafreniere, Adrian"]
[Result "0-1"]
[WhiteElo "1367"]
[BlackElo "1703"]
[PlyCount "88"]
[GameId "2160767910901443"]
[EventDate "2005.07.09"]
[EventType "swiss"]
[EventRounds "10"]
[EventCountry "CAN"]

1. e4 c6 2. d4 d5 3. e5 Bf5 4. Bd3 Bg6 5. Bxg6 hxg6 6. e6 Qd6 7. exf7+ Kxf7 8. Qf3+ Qf6 9. Bg5 Qxf3 10. Nxf3 Nd7 11. Nc3 Re8 12. O-O-O e5 13. dxe5 Nxe5 14. Nxe5+ Rxe5 15. f4 Re6 16. h3 Bc5 17. Rhf1 Nf6 18. f5 gxf5 19. Rxf5 Kg6 20. g4 Rxh3 21. Rdf1 Nxg4 22. Bd2 Ne3 23. Bxe3 Bxe3+ 24. Kd1 Rf6 25. Rxf6+ gxf6 26. Ne2 f5 27. Nf4+ Bxf4 28. Rxf4 Kg5 29. Rf2 f4 30. c3 Kg4 31. Ke1 f3 32. a4 Kg3 33. b4 Rh1+ 34. Kd2 Kxf2 35. Kd3 Rc1 36. b5 Ke1 37. bxc6 bxc6 38. a5 f2 39. Kd4 f1=Q 40. Ke5 Rxc3 41. Kd6 Qf6+ 42. Kc7 Qe7+ 43. Kc8 Rh3 44. a6 Rh8# 0-1

[Event "CAN-op"]
[Site "Edmonton CAN"]
[Date "2005.07.10"]
[Round "2.85"]
[White "Lacroix, Peter"]
[Black "Lawson, Bianca"]
[Result "1-0"]
[WhiteElo "1688"]
[BlackElo "1327"]
[PlyCount "87"]
[GameId "2160767910901444"]
[EventDate "2005.07.09"]
[EventType "swiss"]
[EventRounds "10"]
[EventCountry "CAN"]

1. f4 d5 2. b3 f6 3. Nf3 Nc6 4. Bb2 a6 5. g3 Bg4 6. Bg2 e6 7. d3 Bc5 8. Nbd2 Qe7 9. h3 Bxf3 10. Nxf3 O-O-O 11. a3 e5 12. b4 Ba7 13. Qd2 e4 14. Nh4 e3 15. Qc3 Bd4 16. Qb3 Bxb2 17. Qxb2 g6 18. b5 Nb8 19. bxa6 Nxa6 20. Rb1 c6 21. Nf3 h6 22. Nd4 Rh7 23. Nb3 Qc7 24. Qc3 c5 25. O-O f5 26. Rb2 b5 27. Rfb1 d4 28. Qe1 c4 29. Na5 b4 30. Bb7+ Kd7 31. Bxa6 Qxa5 32. Bxc4 Rh8 33. Qxb4 Qxb4 34. Rxb4 Nf6 35. a4 Ke7 36. a5 Nd7 37. Rb7 Rb8 38. a6 Rxb7 39. Rxb7 Ra8 40. Bb5 Kd6 41. Rxd7+ Kc5 42. Bc4 Kc6 43. Rxd4 g5 44. Bd5+ 1-0

[Event "CAN-op"]
[Site "Edmonton CAN"]
[Date "2005.07.10"]
[Round "2.86"]
[White "Raymer, Evan"]
[Black "Thomas, Derek"]
[Result "1-0"]
[WhiteElo "1681"]
[BlackElo "1300"]
[PlyCount "45"]
[GameId "2160767910901445"]
[EventDate "2005.07.09"]
[EventType "swiss"]
[EventRounds "10"]
[EventCountry "CAN"]

1. e4 e5 2. Nf3 Nc6 3. Bc4 Bc5 4. d3 h6 5. Nc3 d6 6. Na4 Bb6 7. Nxb6 cxb6 8. Be3 Nf6 9. Qe2 Qe7 10. O-O Bg4 11. h3 Bh5 12. c3 O-O 13. g4 Bg6 14. Nh4 Bh7 15. Nf5 Bxf5 16. gxf5 Nh7 17. Qh5 Qf6 18. Kh2 Kh8 19. Rg1 Rac8 20. Rg4 Rc7 21. Rag1 Rg8 22. Bxh6 Na5 23. Bg5 1-0

[Event "CAN-op"]
[Site "Edmonton CAN"]
[Date "2005.07.10"]
[Round "2.87"]
[White "Meller, Caleb"]
[Black "Thomson, Bruce"]
[Result "0-1"]
[WhiteElo "1365"]
[BlackElo "1676"]
[PlyCount "82"]
[GameId "2160767910901446"]
[EventDate "2005.07.09"]
[EventType "swiss"]
[EventRounds "10"]
[EventCountry "CAN"]

1. e4 e5 2. Nf3 Nc6 3. d4 exd4 4. Nxd4 Nxd4 5. Qxd4 Ne7 6. Bg5 Nc6 7. Qd2 f6 8. Be3 b6 9. Bd3 Bb7 10. O-O Qe7 11. Nc3 O-O-O 12. Rae1 Ne5 13. Nd5 Qf7 14. Qc3 Bxd5 15. exd5 Nxd3 16. cxd3 Qxd5 17. Bf4 Bd6 18. Bxd6 Qxd6 19. Re3 Rde8 20. Rxe8+ Rxe8 21. a4 Re5 22. g3 Kb7 23. b4 a5 24. Rb1 Qc6 25. Qa3 Ka7 26. b5 Qc5 27. Qa1 Qe7 28. d4 Re4 29. Kf1 d6 30. Re1 Rxe1+ 31. Qxe1 Qxe1+ 32. Kxe1 d5 33. Kd2 Kb7 34. Ke3 c6 35. h4 h5 36. f3 Kc7 37. g4 hxg4 38. fxg4 cxb5 39. axb5 Kd6 40. g5 fxg5 41. hxg5 Ke6 0-1

[Event "CAN-op"]
[Site "Edmonton CAN"]
[Date "2005.07.10"]
[Round "2.88"]
[White "Sullivan, Brian"]
[Black "Greber, Carter"]
[Result "1-0"]
[WhiteElo "1674"]
[BlackElo "1265"]
[PlyCount "51"]
[GameId "2160767910901447"]
[EventDate "2005.07.09"]
[EventType "swiss"]
[EventRounds "10"]
[EventCountry "CAN"]

1. e4 e5 2. Nf3 Nc6 3. d4 exd4 4. Nxd4 Nxd4 5. Qxd4 c5 6. Qa4 Nf6 7. Nc3 Bd6 8. Be2 O-O 9. O-O Re8 10. f4 b6 11. e5 Bxe5 12. fxe5 Rxe5 13. Bf4 Re8 14. Bg5 Re6 15. Bg4 Rc6 16. Bf3 b5 17. Qh4 Rd6 18. Nxb5 Rb6 19. Bxa8 Rxb5 20. Bd5 c4 21. Bxf7+ Kxf7 22. Qxc4+ Rd5 23. Qxd5+ Ke8 24. Bxf6 gxf6 25. Qg8+ Ke7 26. Rfe1+ 1-0

[Event "CAN-op"]
[Site "Edmonton CAN"]
[Date "2005.07.10"]
[Round "2.89"]
[White "Booth, Kevin"]
[Black "Deimert, Elroy"]
[Result "0-1"]
[WhiteElo "1347"]
[BlackElo "1666"]
[PlyCount "40"]
[GameId "2160767910901448"]
[EventDate "2005.07.09"]
[EventType "swiss"]
[EventRounds "10"]
[EventCountry "CAN"]

1. e4 c5 2. Nf3 Nc6 3. Nc3 e5 4. Bc4 Be7 5. d3 Nf6 6. Bb5 d6 7. Nd5 O-O 8. Nxe7+ Qxe7 9. Bg5 Bg4 10. Qd2 Bxf3 11. gxf3 Nd4 12. O-O-O Nxb5 13. Rhg1 Kh8 14. Rg2 Rg8 15. Rdg1 Qe6 16. b3 Nh5 17. h4 Nd4 18. Qe3 b5 19. f4 exf4 20. Bxf4 Ne2+ 0-1